| 000 | 00374pam a2200157a 44500 | ||
|---|---|---|---|
| 008 | 230515b1993 xxu||||| |||| 00| 0 eng d | ||
| 020 | _aNULL | ||
| 041 | _aENGL | ||
| 082 | _a658.4032/APA | ||
| 100 | _aAPARNA GUPTE | ||
| 245 | _aSYSTEMS SOFTWARE ANALYSIS CONCEPTS & APPLICATION | ||
| 250 | _aN.D. | ||
| 260 |
_aNULL _bC.B.S _c1993 |
||
| 300 | _a308 PB | ||
| 650 | _aNULL | ||
| 999 |
_c628049 _d628049 |
||